000
00300nam a22001337a 4500
008
170907b xxu||||| |||| 00| 0 eng d
020
_a
9781319001421
041
_a
eng
080
_a
91
100
_a
42
101
_a
GEO
245
_a
LIVING PHYSICAL GEOGRAPHY
_c
GERVAIS.B.R
942
_2
udc
_c
BK
999
_c
26592
_d
26592